Statistics for 15 Largest Cities in the Middle Atlantic Region of the USA

Click here to take the quiz!

General Stats

  • This quiz has been taken 47 times
  • The average score is 9 of 15

Answer Stats

Answer% Correct
New York City
95%
Philadelphia
95%
Pittsburgh
86%
Buffalo
82%
Newark
77%
Jersey City
66%
Edison
64%
Rochester
61%
Woodbridge
59%
Allentown
45%
Syracuse
41%
Yonkers
39%
Elizabeth
30%
Paterson
27%
Lakewood
7%

Score Distribution

Percentile by Number Answered

Percent of People with Each Score

Your Score History

You have not taken this quiz